| 000 | 00855nam a2200217Ii 4500 | ||
|---|---|---|---|
| 003 | JO-AjNU | ||
| 008 | 230605s9999||||xx |||||||||||||| ||und|| | ||
| 017 | _a1996/9/1220 | ||
| 040 |
_aJO-AjNU _bara _erda _cJO-AjNU |
||
| 041 | _aara | ||
| 050 | 1 | 4 | _aJQ1825.J659.H87.1997 |
| 100 | 3 |
_aتأليف الكباريتي ، عبد الكريم .... وآخرون ، تحرير ابو رمان ، حسين , _eauthor _918058 |
|
| 245 | 0 | 0 | _aالديمقراطية وسيادة القانون |
| 250 | _a(د،ط) | ||
| 264 | 3 | 1 | _aعمان : دار سندباد ، 1996 |
| 300 | _a235ص | ||
| 336 |
_atext _btxt _2rdacontent |
||
| 337 |
_aunmediated _bn _2rdamedia |
||
| 338 |
_avolume _bnc _2rdacarrier |
||
| 650 | 4 |
_aالديمقراطية -- الأردن -- مؤتمرات -- سيادة القانون -- الأردن -- الأحوال اليباسية _918059 |
|
| 999 |
_aA5704 _c9272 _d9272 |
||